Radiohead Discography - Statistics

General Stats
  • This quiz has been taken 124 times
    86 since last reset
  • The average score is 11 of 35
Answer Stats
Type Year Name % Correct
Album 1997 OK Computer
100%
Album 2000 Kid A
97%
Album 1993 Pablo Honey
94%
Album 1995 The Bends
94%
Album 2007 In Rainbows
92%
Album 2003 Hail to the Thief
89%
Album 2001 Amnesiac
85%
Album 2016 A Moon Shaped Pool
85%
Film 2011 The King of Limbs
79%
Reissued Album 2021 Kid A Mnesia
48%
Reissued Album 2017 OK Computer OKNOTOK 1997 2017
34%
EP 1992 Drill
30%
EP 1994 My Iron Lung
28%
Live Album 2001 I Might Be Wrong: Live Recordings
27%
Documentary 1998 Meeting People Is Easy
21%
Compilation 2008 Radiohead: The Best Of
17%
DVD 2008 Radiohead: The Best Of
17%
Compilation EP 2004 Com Lag (2plus2isfive)
14%
EP 1997 No Surprises / Running from Demons
13%
EP 1998 Airbag / How Am I Driving?
10%
Live Video Album 2008 In Rainbows - From the Basement
10%
Remix Album 2011 TKOL RMX 1234567
10%
EP 1994 Itch
6%
Live Video Album 2011 The King of Limbs: Live from the Basement
6%
Demo Album 1991 First Tapes
4%
Demo Album 1986 Untitled
4%
Demo Album 1988 Untitled
4%
Demo Album 1990 Untitled
4%
Demo Album 1991 Untitled
4%
Music Video Collection 1998 7 Television Commercials
3%
Demo Album 1987 Medicinal Sounds
3%
Compilation 2019 MiniDiscs (Hacked)
3%
Short Film Collection 2004 The Most Gigantic Lying Mouth of All Time
3%
Concert Film 1995 Live at the Astoria
1%
Box Set 2007 Radiohead Box Set
1%
No matching quizzes found
Score Distribution
Percent of People with Each Score
Percentile by Number Answered
Your Score History
You have not taken this quiz since the last reset